00459 2200181 4500001002100000005001500021035002000036245005200056100001300108250001700121300002900138700001900167260003600186082000800222084001400230020002200244650001100266INLIS00000000000049320240807112731 a0010-08240000111 aDaud Panglima Angin /cAA Bakar, Elvis Iskandar0 aAA Bakar aCetakan ke-5 a126 hlm :bilus ;c21 cm0 aElvis Iskandar aJakarta :bBalai Pustaka,c2007 a813 a813 AA d a978-979-407-890-5 4aCerpen